000 00273nam a22001337a 4500
008 170303b xxu||||| |||| 00| 0 eng d
020 _a9780198577799
041 _aeng
080 _a575
100 _a6
101 _aSHM
245 _aGENES VI
_cLEWIN.B
942 _2udc
_cBK
999 _c6720
_d6720